| 000 | 01177cab a2200229 4500 | ||
|---|---|---|---|
| 001 | ##L131156 | ||
| 008 | 051004n2005 000 0 eng u | ||
| 035 | _a(Sirsi) u131156 | ||
| 041 | 0 | _aeng | |
| 100 | 1 | _aGrant, Jamie | |
| 245 |
_aAffordable housing in Scotland _bkey questions for housebuilders |
||
| 260 | _c2005 | ||
| 490 |
_aScottish Planning and Environmental Law _v109 June 2005, 57-60(4) |
||
| 520 | _aAnswers a number of the detailed questions about affordable housing that face house builders in Scotland. These include: the possibility of making more land available; grounds for resisting affordable housing requirements; whether affordable housing must be mentioned in the local plan; working with registered social landlords; the cost of meeting an affordable housing requirement; conditions on occupation of affordable housing; alternatives to on-site affordable housing provision; and formulating proposals. References. | ||
| 650 | 2 | 4 | _aPLANNING ADVICE NOTE 74 |
| 650 | 2 | 4 | _aSPP3 |
| 650 | 2 | 4 | _aNPPG3 |
| 651 | 4 |
_aScotland _y1999- |
|
| 690 | _aPROPERTY-RESIDENTIAL PROPERTY-RESIDENTIAL PROPERTY DEVELOPMENT | ||
| 700 | 1 | _aGreig, Michael | |
| 942 | _n0 | ||
| 999 |
_c75974 _d75974 |
||